Statistics for Google Anonymous Animals

Click here to take the quiz!

General Stats

  • This quiz has been taken 15 times
  • The average score is 15 of 75

Answer Stats

Animals% Correct
Bear
83%
Dog
83%
Tiger
83%
Lion
75%
Duck
67%
Monkey
67%
Frog
58%
Dolphin
50%
Elephant
50%
Giraffe
50%
Sheep
50%
Leopard
42%
Llama
42%
Rabbit
42%
Buffalo
33%
Cheetah
33%
Hippo
33%
Moose
33%
Squirrel
33%
Wolf
33%
Axolotl
25%
Fox
25%
Koala
25%
Rhino
25%
Anteater
17%
Bat
17%
Chameleon
17%
Coyote
17%
Hyena
17%
Manatee
17%
Otter
17%
Panda
17%
Penguin
17%
Walrus
17%
Wombat
17%
Alligator
8%
Auroch
8%
Beaver
8%
Camel
8%
Chinchilla
8%
Chipmunk
8%
Dinosaur
8%
Ferret
8%
Ibex
8%
Iguana
8%
Kangaroo
8%
Lemur
8%
Narwhal
8%
Python
8%
Skunk
8%
Turtle
8%
Armadillo
0%
Badger
0%
Capybara
0%
Chupacabra
0%
Cormorant
0%
Crow
0%
Dingo
0%
Gopher
0%
Grizzly
0%
Hedgehog
0%
Ifrit
0%
Jackal
0%
Kraken
0%
Liger
0%
Loris
0%
Mink
0%
Nyan Cat
0%
Orangutan
0%
Platypus
0%
Pumpkin
0%
Quagga
0%
Raccoon
0%
Shrew
0%
Wolverine
0%

Score Distribution

Percentile by Number Answered

Percent of People with Each Score

Your Score History

You have not taken this quiz